|
|
|
|
| LEADER |
01115nam a2200265 a 4500 |
| 001 |
3894 |
| 003 |
BD-DhAAL |
| 005 |
20150304114410.0 |
| 008 |
150304s1997 nyuab b 001 0 eng |
| 010 |
|
|
|a 96051065
|
| 020 |
|
|
|a 0471180157 (acidfree paper)
|
| 040 |
|
|
|a DLC
|c DLC
|d DLC
|d BD-DhAAL
|
| 050 |
0 |
0 |
|a HD30.255
|b .C535 1997
|
| 082 |
0 |
0 |
|a 658.15/53
|2 21
|
| 100 |
1 |
|
|a Cichowicz, Judith A.
|9 9058
|
| 245 |
1 |
0 |
|a How to control costs in your pollution prevention program /
|c Judith A. Cichowicz.
|
| 260 |
|
|
|a New York :
|b Wiley,
|c c1997.
|
| 300 |
|
|
|a xi, 445 p. :
|b ill., map ;
|c 25 cm.
|
| 504 |
|
|
|a Includes bibliographical references and index.
|
| 541 |
|
|
|e 3894
|
| 650 |
|
0 |
|a Pollution prevention
|x Economic aspects.
|9 9059
|
| 942 |
|
|
|2 ddc
|c BK
|
| 999 |
|
|
|c 33882
|d 33882
|
| 952 |
|
|
|0 0
|1 0
|2 ddc
|4 0
|6 658_155300000000000_CIC
|7 0
|9 52885
|a SCL
|b SCL
|c GEN
|d 2015-03-04
|e Gift: The Asia Foundation
|l 0
|o 658.1553 CIC
|p 3020003894
|r 2015-03-04
|t 1
|w 2015-03-04
|y BK
|
| 952 |
|
|
|0 0
|1 0
|2 ddc
|4 0
|6 658_155300000000000_CIC
|7 0
|9 52980
|a SCL
|b SCL
|c GEN
|d 2015-03-09
|e Gift: The Asia Foundation
|l 0
|o 658.1553 CIC
|p 3020003763
|r 2015-03-09
|t 2
|w 2015-03-09
|y BK
|